000 00611nam a22001937a 4500
999 _c9461
_d9461
008 180704b ||||| |||| 00| 0 eng d
020 _a978-337-27536-1
082 _22018
_aDC 515
_bL329
100 _928078
_aLarson, Ron
245 _aCalculus of a single variable:
_bwith calcchat and calcview/
_cRon Larson, Bruce H. Edwards.
250 _a11e
260 _aAustralia:
_bCengage Learning,
_c©2018.
300 _axi, 750 pages:
_bcolor illustrations;
_c26 cm.
500 _aIncludes index.
650 0 _928079
_aCalculus
700 _928080
_aEdwards, Bruce H.
365 _b9,133.00
_cPhp
942 _2ddc
_cDC